What is digital sociology? /

Detaylı Bibliyografya
Yazar: Selwyn, Neil (Yazar)
Materyal Türü: Kitap
Dil:English
Baskı/Yayın Bilgisi: Cambridge, UK ; Medford, MA : Polity Press, 2019.
Konular:
Classic Catalogue: View this record in Classic Catalogue
LEADER 02185nam a2200385 i 4500
001 45378
003 BD-DhAAL
005 20260224144415.0
008 260224t2019 enk b 001 0 eng
010 |a  2018025187 
020 |a 9781509527106 
020 |a 9781509527113 
035 |a 20524001 
040 |a DLC  |b eng  |c DLC  |e rda  |d DLC  |d BD-DhAAL 
042 |a pcc 
050 0 0 |a HM585  |b .S458 2019 
082 0 0 |a 301  |2 23 
100 1 |a Selwyn, Neil,  |e author.  |9 60315 
245 1 0 |a What is digital sociology? /  |c Neil Selwyn. 
260 |a Cambridge, UK ;  |a Medford, MA :  |b Polity Press,  |c 2019. 
300 |a ix, 134 pages ;  |c 22 cm 
504 |a Includes bibliographical references (pages 115-131) and index. 
505 0 |a Digital sociology: promises and precedents -- Digital sociology: central concerns, concepts and questions -- Digital sociology in action: "digital labor" and "digital race" -- Digital methods and methodology -- Being a digital sociologist. 
526 8 |a ESS 
541 1 |a Karim International  |e 45378, 45379,45380, 45381, 45382 
650 0 |a Sociology. 
650 0 |a Information technology  |x Social aspects. 
852 1 |a Ayesha Abed Library  |c General Stacks 
942 |2 ddc  |c BK 
999 |c 47642  |d 47642 
952 |0 0  |1 0  |2 ddc  |4 0  |6 301_000000000000000_SEL  |7 0  |9 78799  |a BRACUL  |b BRACUL  |c CIR  |d 2026-02-03  |e Karim International  |g 2100.00  |l 0  |o 301 SEL  |p 3010045378  |r 2026-02-03  |t 1  |v 4200.00  |w 2026-02-03  |y 1HOUR 
952 |0 0  |1 0  |2 ddc  |4 0  |6 301_000000000000000_SEL  |7 0  |9 78800  |a BRACUL  |b BRACUL  |c NEW  |d 2026-02-03  |e Karim International  |g 2100.00  |l 1  |o 301 SEL  |p 3010045379  |r 2026-02-28  |s 2026-02-28  |t 2  |v 4200.00  |w 2026-02-03  |y BK 
952 |0 0  |1 0  |2 ddc  |4 0  |6 301_000000000000000_SEL  |7 0  |9 78801  |a BRACUL  |b BRACUL  |c GEN  |d 2026-02-03  |e Karim International  |g 2100.00  |l 0  |o 301 SEL  |p 3010045380  |r 2026-02-03  |t 3  |v 4200.00  |w 2026-02-03  |y BK 
952 |0 0  |1 0  |2 ddc  |4 0  |6 301_000000000000000_SEL  |7 0  |9 78802  |a BRACUL  |b BRACUL  |c GEN  |d 2026-02-03  |e Karim International  |g 2100.00  |l 0  |o 301 SEL  |p 3010045382  |r 2026-02-03  |t 5  |v 4200.00  |w 2026-02-03  |y BK 
952 |0 0  |1 0  |2 ddc  |4 0  |6 301_000000000000000_SEL  |7 0  |9 78803  |a BRACUL  |b BRACUL  |c GEN  |d 2026-02-03  |e Karim International  |g 2100.00  |l 0  |o 301 SEL  |p 3010045381  |r 2026-02-03  |t 4  |v 4200.00  |w 2026-02-03  |y BK